| 000 | 00462cam a22001457a 4500 | ||
|---|---|---|---|
| 008 | 180718b1963 xxu||||| |||| 00| 0 eng d | ||
| 082 | _aD711x73 B44 | ||
| 245 |
_aDisarmament and the economy _cedited by Emile Benoit and Kenneth E. Boulding |
||
| 260 |
_aNew Year _bHarper _c1963 |
||
| 300 | _a310p. | ||
| 650 | _aUnited States --Military policy | ||
| 650 | _aUnited States --Economic policy | ||
| 700 | _aBoulding, Kenneth E., ed. | ||
| 700 | _aBenoit, Emile,ed. | ||
| 999 |
_c359521 _d359521 |
||